[Event "Campeonato de España Rapid 2017"]
[Site "Linares"]
[Date "2017.08.13"]
[Round "7"]
[White "Granda Zuniga, Julio E"]
[Black "Almagro Llamas, Pablo"]
[Result "1-0"]
[Board "8"]
[WhiteTitle "GM"]
[WhiteElo "2644"]
[WhiteCountry "PER"]
[WhiteFideId "3800024"]
[WhiteEloChange "2"]
[BlackTitle "IM"]
[BlackElo "2446"]
[BlackCountry "ESP"]
[BlackFideId "2221799"]
[BlackEloChange "-2"]

1. b3 {[%clk 0:14:46]} e5 {[%clk 0:15:01]} 2. Bb2 {[%clk 0:14:49]} Nc6 {[%clk
0:14:59]} 3. e3 {[%clk 0:14:52]} Nf6 {[%clk 0:14:41]} 4. Bb5 {[%clk 0:14:53]} Bd6
{[%clk 0:14:44]} 5. Na3 {[%clk 0:14:55]} Na5 {[%clk 0:14:38]} 6. Be2 {[%clk
0:14:55]} a6 {[%clk 0:14:31]} 7. c4 {[%clk 0:14:53]} O-O {[%clk 0:14:21]} 8. Nc2
{[%clk 0:14:56]} Re8 {[%clk 0:14:14]} 9. d3 {[%clk 0:12:33]} b5 {[%clk 0:12:57]}
10. Nf3 {[%clk 0:12:03]} bxc4 {[%clk 0:11:55]} 11. bxc4 {[%clk 0:10:40]} e4
{[%clk 0:10:56]} 12. dxe4 {[%clk 0:10:44]} Nxe4 {[%clk 0:10:50]} 13. O-O {[%clk
0:10:41]} Bb7 {[%clk 0:10:00]} 14. Rb1 {[%clk 0:10:20]} Ng5 {[%clk 0:08:41]} 15.
Nfd4 {[%clk 0:08:00]} Qf6 {[%clk 0:05:22]} 16. f4 {[%clk 0:06:46]} Ne4 {[%clk
0:05:23]} 17. Qe1 {[%clk 0:03:27]} Qg6 {[%clk 0:03:32]} 18. Qxa5 {[%clk 0:02:51]}
Nc3 {[%clk 0:03:19]} 19. Qg5 {[%clk 0:02:53]} Qxg5 {[%clk 0:03:22]} 20. fxg5
{[%clk 0:02:57]} Nxb1 {[%clk 0:03:24]} 21. Rxb1 {[%clk 0:02:56]} Rab8 {[%clk
0:03:05]} 22. Bc3 {[%clk 0:01:49]} Be4 {[%clk 0:03:04]} 23. Rc1 {[%clk 0:01:53]}
Be5 {[%clk 0:02:51]} 24. Ne1 {[%clk 0:01:56]} Rb1 {[%clk 0:02:27]} 25. Rxb1
{[%clk 0:01:46]} Bxb1 {[%clk 0:02:31]} 26. c5 {[%clk 0:01:49]} Bxa2 {[%clk
0:02:14]} 27. Bxa6 {[%clk 0:01:50]} Ra8 {[%clk 0:02:07]} 28. Bf1 {[%clk 0:01:38]}
Ra3 {[%clk 0:01:02]} 29. Bd2 {[%clk 0:01:12]} c6 {[%clk 0:01:03]} 30. Nec2 {[%clk
0:01:08]} Ra7 {[%clk 0:00:57]} 31. Nb4 {[%clk 0:01:11]} Bc7 {[%clk 0:00:32]} 32.
Na6 {[%clk 0:01:08]} Be5 {[%clk 0:00:29]} 33. Nf3 {[%clk 0:01:05]} Bb2 {[%clk
0:00:30]} 34. Ba5 {[%clk 0:01:08]} Ra8 {[%clk 0:00:24]} 35. Kf2 {[%clk 0:01:08]}
Bb3 {[%clk 0:00:23]} 36. Nd4 {[%clk 0:01:04]} Bd5 {[%clk 0:00:24]} 37. Bb6 {[%clk
0:00:59]} Ba2 {[%clk 0:00:16]} 38. Nf5 {[%clk 0:00:47]} Re8 {[%clk 0:00:18]} 39.
Bc7 {[%clk 0:00:49]} g6 {[%clk 0:00:16]} 40. Nd6 {[%clk 0:00:43]} Re5 {[%clk
0:00:16]} 41. h4 {[%clk 0:00:46]} Bc1 {[%clk 0:00:01]} 42. e4 {[%clk 0:00:49]}
Ba3 {[%clk 0:00:12]} 43. Kf3 {[%clk 0:00:36]} Bxc5 {[%clk 0:00:14]} 44. Nb7
{[%clk 0:00:33]} Bd4 {[%clk 0:00:10]} 45. Bxe5 {[%clk 0:00:35]} Bxe5 {[%clk
0:00:14]} 46. Nac5 {[%clk 0:00:37]} d5 {[%clk 0:00:14]} 47. Bd3 {[%clk 0:00:32]}
Kg7 {[%clk 0:00:14]} 48. Na5 {[%clk 0:00:33]} h6 {[%clk 0:00:13]} 49. gxh6+
{[%clk 0:00:28]} Kxh6 {[%clk 0:00:17]} 50. Nxc6 {[%clk 0:00:31]} dxe4+ {[%clk
0:00:21]} 51. Nxe4 {[%clk 0:00:30]} f5 {[%clk 0:00:22]} 52. Nxe5 {[%clk 0:00:33]}
1-0

[Event "Campeonato de España Rapid 2017"]
[Site "Linares"]
[Date "2017.08.13"]
[Round "7"]
[White "Arizmendi Martinez, Julen Luis"]
[Black "Narciso Dublan, Marc"]
[Result "1/2-1/2"]
[Board "10"]
[WhiteTitle "GM"]
[WhiteElo "2586"]
[WhiteCountry "ESP"]
[WhiteFideId "2205092"]
[WhiteEloChange "-1"]
[BlackTitle "GM"]
[BlackElo "2516"]
[BlackCountry "ESP"]
[BlackFideId "2201500"]
[BlackEloChange "1"]

1. e4 {[%clk 0:15:07]} e6 {[%clk 0:15:10]} 2. d4 {[%clk 0:15:09]} d5 {[%clk
0:15:14]} 3. exd5 {[%clk 0:14:30]} exd5 {[%clk 0:15:17]} 4. Nf3 {[%clk 0:14:32]}
Nf6 {[%clk 0:15:19]} 5. Bd3 {[%clk 0:14:25]} Bd6 {[%clk 0:15:17]} 6. Qe2+ {[%clk
0:13:55]} Be7 {[%clk 0:15:15]} 7. O-O {[%clk 0:12:34]} O-O {[%clk 0:15:18]} 8.
Re1 {[%clk 0:10:50]} Re8 {[%clk 0:15:06]} 9. Bg5 {[%clk 0:10:30]} Be6 {[%clk
0:15:10]} 10. c3 {[%clk 0:10:15]} Nbd7 {[%clk 0:15:05]} 11. Qc2 {[%clk 0:10:04]}
g6 {[%clk 0:13:06]} 12. Nbd2 {[%clk 0:09:02]} Nh5 {[%clk 0:13:08]} 13. Bxe7
{[%clk 0:06:19]} Qxe7 {[%clk 0:13:11]} 14. g3 {[%clk 0:06:14]} Ng7 {[%clk
0:12:49]} 15. Re3 {[%clk 0:05:58]} Qd6 {[%clk 0:10:09]} 16. Rae1 {[%clk 0:05:59]}
c6 {[%clk 0:08:47]} 17. Nh4 {[%clk 0:05:40]} Nb6 {[%clk 0:07:55]} 18. Ndf3 {[%clk
0:05:30]} Re7 {[%clk 0:05:33]} 19. Ng5 {[%clk 0:05:02]} Rae8 {[%clk 0:04:30]} 20.
Qe2 {[%clk 0:04:08]} Nc8 {[%clk 0:04:06]} 21. Qf3 {[%clk 0:03:46]} Qd7 {[%clk
0:03:47]} 22. Qf6 {[%clk 0:02:19]} Bf5 {[%clk 0:00:16]} 23. Nxf5 {[%clk 0:01:59]}
Nxf5 {[%clk 0:00:21]} 24. Bxf5 {[%clk 0:01:00]} Qxf5 {[%clk 0:00:24]} 25. Qxf5
{[%clk 0:00:51]} gxf5 {[%clk 0:00:29]} 26. Rxe7 {[%clk 0:00:48]} Rxe7 {[%clk
0:00:33]} 27. Rxe7 {[%clk 0:00:49]} Nxe7 {[%clk 0:00:38]} 28. Kf1 {[%clk
0:00:35]} Ng6 {[%clk 0:00:42]} 29. f4 {[%clk 0:00:36]} h6 {[%clk 0:00:40]} 30.
Nf3 {[%clk 0:00:39]} f6 {[%clk 0:00:44]} 31. Ke2 {[%clk 0:00:37]} Kf7 {[%clk
0:00:48]} 32. Ne1 {[%clk 0:00:37]} Ke6 {[%clk 0:00:52]} 33. Nd3 {[%clk 0:00:41]}
b6 {[%clk 0:00:54]} 34. b3 {[%clk 0:00:38]} Ne7 {[%clk 0:00:38]} 35. c4 {[%clk
0:00:36]} 1/2-1/2

[Event "Campeonato de España Rapid 2017"]
[Site "Linares"]
[Date "2017.08.13"]
[Round "7"]
[White "Bernal Moro, Luis Javier"]
[Black "Alsina Leal, Daniel"]
[Result "1-0"]
[Board "12"]
[WhiteTitle "IM"]
[WhiteElo "2434"]
[WhiteCountry "ESP"]
[WhiteFideId "2200236"]
[WhiteEloChange "6"]
[BlackTitle "GM"]
[BlackElo "2531"]
[BlackCountry "ESP"]
[BlackFideId "2252627"]
[BlackEloChange "-6"]

1. c4 {[%clk 0:15:09]} e5 {[%clk 0:15:08]} 2. Nc3 {[%clk 0:15:13]} Nf6 {[%clk
0:15:06]} 3. Nf3 {[%clk 0:15:16]} Nc6 {[%clk 0:15:10]} 4. e4 {[%clk 0:15:20]} Bb4
{[%clk 0:15:11]} 5. d3 {[%clk 0:15:19]} d6 {[%clk 0:15:14]} 6. a3 {[%clk
0:15:11]} Bc5 {[%clk 0:15:15]} 7. b4 {[%clk 0:14:49]} Bb6 {[%clk 0:15:18]} 8. Na4
{[%clk 0:14:24]} Bg4 {[%clk 0:14:27]} 9. Nxb6 {[%clk 0:14:22]} axb6 {[%clk
0:14:26]} 10. Bb2 {[%clk 0:14:25]} O-O {[%clk 0:10:42]} 11. Be2 {[%clk 0:12:55]}
Ne7 {[%clk 0:09:24]} 12. Nd2 {[%clk 0:10:22]} Bxe2 {[%clk 0:08:12]} 13. Qxe2
{[%clk 0:10:25]} Ng6 {[%clk 0:07:13]} 14. g3 {[%clk 0:10:27]} Re8 {[%clk
0:06:39]} 15. h4 {[%clk 0:08:24]} h5 {[%clk 0:06:34]} 16. Kf1 {[%clk 0:05:24]} c6
{[%clk 0:05:53]} 17. Kg2 {[%clk 0:05:27]} d5 {[%clk 0:05:57]} 18. Nf3 {[%clk
0:05:19]} Qe7 {[%clk 0:04:35]} 19. Rhe1 {[%clk 0:04:56]} d4 {[%clk 0:03:13]} 20.
Bc1 {[%clk 0:04:50]} b5 {[%clk 0:02:32]} 21. c5 {[%clk 0:03:24]} Ra6 {[%clk
0:01:44]} 22. Ng5 {[%clk 0:01:20]} Nf8 {[%clk 0:00:55]} 23. Nh3 {[%clk 0:01:15]}
N8d7 {[%clk 0:00:54]} 24. Rf1 {[%clk 0:00:59]} b6 {[%clk 0:00:37]} 25. cxb6
{[%clk 0:01:02]} c5 {[%clk 0:00:36]} 26. bxc5 {[%clk 0:01:00]} Nxc5 {[%clk
0:00:37]} 27. Bd2 {[%clk 0:00:52]} Na4 {[%clk 0:00:20]} 28. Bb4 {[%clk 0:00:55]}
Qd7 {[%clk 0:00:22]} 29. Rac1 {[%clk 0:00:45]} Rxb6 {[%clk 0:00:23]} 30. Rc2
{[%clk 0:00:41]} Rc6 {[%clk 0:00:24]} 31. Rfc1 {[%clk 0:00:45]} Rec8 {[%clk
0:00:28]} 32. f3 {[%clk 0:00:30]} Nc3 {[%clk 0:00:20]} 33. Qf1 {[%clk 0:00:15]}
Ne8 {[%clk 0:00:11]} 34. Nf2 {[%clk 0:00:17]} Qe6 {[%clk 0:00:10]} 35. Kh1 {[%clk
0:00:14]} Nd6 {[%clk 0:00:08]} 36. Qh3 {[%clk 0:00:08]} Qxh3+ {[%clk 0:00:09]}
37. Nxh3 {[%clk 0:00:12]} f6 {[%clk 0:00:09]} 38. f4 {[%clk 0:00:17]} Kf7 {[%clk
0:00:13]} 39. fxe5 {[%clk 0:00:21]} fxe5 {[%clk 0:00:17]} 40. Ng5+ {[%clk
0:00:25]} Kg6 {[%clk 0:00:14]} 41. Kg2 {[%clk 0:00:28]} Ne8 {[%clk 0:00:17]} 42.
Nf3 {[%clk 0:00:19]} Re6 {[%clk 0:00:07]} 43. Bxc3 {[%clk 0:00:23]} dxc3 {[%clk
0:00:10]} 44. Rxc3 {[%clk 0:00:28]} Rxc3 {[%clk 0:00:11]} 45. Rxc3 {[%clk
0:00:32]} Kf6 {[%clk 0:00:00]} 46. Rc5 {[%clk 0:00:23]} Nd6 {[%clk 0:00:12]} 47.
Kf2 {[%clk 0:00:25]} Re8 {[%clk 0:00:12]} 48. Ke3 {[%clk 0:00:28]} Ra8 {[%clk
0:00:10]} 49. Rc6 {[%clk 0:00:32]} Ke7 {[%clk 0:00:13]} 50. Nxe5 {[%clk 0:00:21]}
Rxa3 {[%clk 0:00:15]} 51. Rc7+ {[%clk 0:00:23]} Ke6 {[%clk 0:00:18]} 52. Kf4
{[%clk 0:00:19]} Ra1 {[%clk 0:00:15]} 53. Nc6 {[%clk 0:00:12]} Rf1+ {[%clk
0:00:14]} 54. Ke3 {[%clk 0:00:14]} g6 {[%clk 0:00:09]} 55. Nd4+ {[%clk 0:00:17]}
Kf6 {[%clk 0:00:07]} 56. Rc5 {[%clk 0:00:09]} Ke7 {[%clk 0:00:06]} 57. e5 {[%clk
0:00:11]} Nf5+ {[%clk 0:00:01]} 58. Nxf5+ {[%clk 0:00:15]} gxf5 {[%clk 0:00:08]}
59. Rxb5 {[%clk 0:00:19]} Ke6 {[%clk 0:00:12]} 60. d4 {[%clk 0:00:22]} Re1+
{[%clk 0:00:15]} 61. Kf2 {[%clk 0:00:18]} Rd1 {[%clk 0:00:17]} 62. Rb6+ {[%clk
0:00:22]} Ke7 {[%clk 0:00:12]} 63. Rd6 {[%clk 0:00:26]} Rd3 {[%clk 0:00:20]} 64.
Rf6 {[%clk 0:00:24]} Rxd4 {[%clk 0:00:12]} 65. Rxf5 {[%clk 0:00:29]} 1-0

[Event "Campeonato de España Rapid 2017"]
[Site "Linares"]
[Date "2017.08.13"]
[Round "7"]
[White "Ljubojevic, Ljubomir"]
[Black "Suarez Gomez, Julio"]
[Result "1-0"]
[Board "13"]
[WhiteTitle "GM"]
[WhiteElo "2524"]
[WhiteCountry "SRB"]
[WhiteFideId "900010"]
[WhiteEloChange "2"]
[BlackTitle "FM"]
[BlackElo "2305"]
[BlackCountry "ESP"]
[BlackFideId "22275991"]
[BlackEloChange "-4"]

1. d4 {[%clk 0:15:08]} e6 {[%clk 0:15:05]} 2. c4 {[%clk 0:15:10]} Nf6 {[%clk
0:15:07]} 3. Nf3 {[%clk 0:15:13]} d5 {[%clk 0:15:08]} 4. Nc3 {[%clk 0:15:16]} Bb4
{[%clk 0:14:34]} 5. e3 {[%clk 0:15:10]} O-O {[%clk 0:14:29]} 6. Bd3 {[%clk
0:15:12]} c5 {[%clk 0:14:29]} 7. O-O {[%clk 0:15:07]} cxd4 {[%clk 0:14:16]} 8.
exd4 {[%clk 0:15:10]} dxc4 {[%clk 0:14:19]} 9. Bxc4 {[%clk 0:15:14]} b6 {[%clk
0:14:17]} 10. Qe2 {[%clk 0:14:42]} Bb7 {[%clk 0:14:10]} 11. Rd1 {[%clk 0:14:45]}
Nbd7 {[%clk 0:13:37]} 12. Bd2 {[%clk 0:13:37]} Rc8 {[%clk 0:13:17]} 13. Bb3
{[%clk 0:13:20]} Qe7 {[%clk 0:11:48]} 14. Rac1 {[%clk 0:13:05]} a6 {[%clk
0:11:33]} 15. a3 {[%clk 0:12:56]} Bxc3 {[%clk 0:11:25]} 16. Bxc3 {[%clk 0:13:00]}
a5 {[%clk 0:11:22]} 17. d5 {[%clk 0:12:32]} Nc5 {[%clk 0:11:09]} 18. Ba2 {[%clk
0:12:26]} Rfd8 {[%clk 0:11:00]} 19. dxe6 {[%clk 0:12:23]} Nxe6 {[%clk 0:10:55]}
20. Ng5 {[%clk 0:11:55]} Bd5 {[%clk 0:10:00]} 21. Bxf6 {[%clk 0:11:03]} Qxf6
{[%clk 0:09:56]} 22. Rxc8 {[%clk 0:10:38]} Rxc8 {[%clk 0:09:59]} 23. Nxh7 {[%clk
0:10:29]} Kxh7 {[%clk 0:09:44]} 24. Bxd5 {[%clk 0:10:23]} Nf4 {[%clk 0:09:41]}
25. Be4+ {[%clk 0:10:17]} g6 {[%clk 0:09:30]} 26. Qe3 {[%clk 0:09:56]} Kg7 {[%clk
0:08:58]} 27. g3 {[%clk 0:09:12]} Nh3+ {[%clk 0:08:41]} 28. Kg2 {[%clk 0:07:28]}
Ng5 {[%clk 0:08:44]} 29. Bd5 {[%clk 0:07:27]} Rd8 {[%clk 0:07:58]} 30. Rd2 {[%clk
0:06:21]} Qf5 {[%clk 0:07:35]} 31. Bb7 {[%clk 0:06:04]} Rxd2 {[%clk 0:06:21]} 32.
Qxd2 {[%clk 0:06:08]} Ne6 {[%clk 0:06:23]} 33. Qc3+ {[%clk 0:05:27]} Kh7 {[%clk
0:06:12]} 34. Qf3 {[%clk 0:05:27]} Nd4 {[%clk 0:05:11]} 35. Qxf5 {[%clk 0:05:29]}
Nxf5 {[%clk 0:05:14]} 36. Kf3 {[%clk 0:05:30]} Nd6 {[%clk 0:05:10]} 37. Bd5
{[%clk 0:05:33]} Kg7 {[%clk 0:05:08]} 38. Kf4 {[%clk 0:05:34]} f6 {[%clk
0:03:54]} 39. h4 {[%clk 0:05:34]} Kf8 {[%clk 0:03:42]} 40. Bb3 {[%clk 0:05:09]}
Ke8 {[%clk 0:03:43]} 41. Ke3 {[%clk 0:04:51]} Ke7 {[%clk 0:03:39]} 42. Kd4 {[%clk
0:04:52]} Nb7 {[%clk 0:02:59]} 43. Kd5 {[%clk 0:04:51]} Nc5 {[%clk 0:02:55]} 44.
Bc2 {[%clk 0:04:55]} f5 {[%clk 0:02:51]} 45. Kc6 {[%clk 0:04:54]} Nd7 {[%clk
0:02:54]} 46. h5 {[%clk 0:04:24]} gxh5 {[%clk 0:02:55]} 47. Bxf5 {[%clk 0:04:28]}
Ne5+ {[%clk 0:02:56]} 48. Kxb6 {[%clk 0:04:18]} Nc4+ {[%clk 0:03:00]} 49. Kc5
{[%clk 0:04:21]} Nxb2 {[%clk 0:03:00]} 50. Bc2 {[%clk 0:04:25]} 1-0

[Event "Campeonato de España Rapid 2017"]
[Site "Linares"]
[Date "2017.08.13"]
[Round "7"]
[White "Vega Gutierrez, Sabrina"]
[Black "Bruzon Batista, Lazaro"]
[Result "1/2-1/2"]
[Board "14"]
[WhiteTitle "IM"]
[WhiteElo "2294"]
[WhiteCountry "ESP"]
[WhiteFideId "2219026"]
[WhiteEloChange "8"]
[BlackTitle "GM"]
[BlackElo "2648"]
[BlackCountry "CUB"]
[BlackFideId "3503739"]
[BlackEloChange "-4"]

1. e4 {[%clk 0:15:05]} e5 {[%clk 0:15:05]} 2. Nf3 {[%clk 0:15:05]} Nc6 {[%clk
0:15:05]} 3. Bc4 {[%clk 0:15:05]} Bc5 {[%clk 0:15:05]} 4. O-O {[%clk 0:15:05]}
Nf6 {[%clk 0:15:05]} 5. d3 {[%clk 0:15:05]} d6 {[%clk 0:15:05]} 6. c3 {[%clk
0:15:00]} h6 {[%clk 0:14:30]} 7. b4 {[%clk 0:14:34]} Bb6 {[%clk 0:14:30]} 8. a4
{[%clk 0:14:34]} a6 {[%clk 0:14:25]} 9. Na3 {[%clk 0:14:09]} O-O {[%clk 0:14:25]}
10. h3 {[%clk 0:13:54]} Ne7 {[%clk 0:14:20]} 11. Be3 {[%clk 0:12:37]} Bxe3 {[%clk
0:14:05]} 12. fxe3 {[%clk 0:12:37]} Ng6 {[%clk 0:13:50]} 13. Bb3 {[%clk 0:12:02]}
c6 {[%clk 0:13:45]} 14. Nc4 {[%clk 0:09:47]} Be6 {[%clk 0:13:45]} 15. a5 {[%clk
0:08:32]} Qc7 {[%clk 0:13:40]} 16. Nb6 {[%clk 0:08:27]} Rae8 {[%clk 0:13:35]} 17.
Bxe6 {[%clk 0:08:02]} Rxe6 {[%clk 0:13:35]} 18. c4 {[%clk 0:07:17]} Nd7 {[%clk
0:13:10]} 1/2-1/2

[Event "Campeonato de España Rapid 2017"]
[Site "Linares"]
[Date "2017.08.13"]
[Round "7"]
[White "Martinez Duany, Lelys Stanley"]
[Black "Gutierrez Olivares, Daniel"]
[Result "1-0"]
[Board "15"]
[WhiteTitle "GM"]
[WhiteElo "2615"]
[WhiteCountry "CUB"]
[WhiteFideId "3504727"]
[WhiteEloChange "1"]
[BlackTitle "FM"]
[BlackElo "2269"]
[BlackCountry "ESP"]
[BlackFideId "2264005"]
[BlackEloChange "-2"]

1. Nf3 {[%clk 0:15:07]} Nf6 {[%clk 0:15:08]} 2. c4 {[%clk 0:15:10]} c5 {[%clk
0:15:06]} 3. g3 {[%clk 0:15:12]} d5 {[%clk 0:15:08]} 4. cxd5 {[%clk 0:15:02]}
Nxd5 {[%clk 0:15:11]} 5. Bg2 {[%clk 0:15:05]} Nc6 {[%clk 0:15:09]} 6. Nc3 {[%clk
0:15:00]} Nc7 {[%clk 0:15:11]} 7. d3 {[%clk 0:14:53]} e5 {[%clk 0:15:10]} 8. O-O
{[%clk 0:14:52]} Be7 {[%clk 0:15:12]} 9. Nd2 {[%clk 0:14:53]} O-O {[%clk
0:14:55]} 10. Nc4 {[%clk 0:14:55]} f6 {[%clk 0:14:51]} 11. f4 {[%clk 0:13:43]}
exf4 {[%clk 0:12:58]} 12. Bxf4 {[%clk 0:13:47]} Be6 {[%clk 0:11:58]} 13. Bxc7
{[%clk 0:13:01]} Qxc7 {[%clk 0:12:00]} 14. Bd5 {[%clk 0:13:04]} Bxd5 {[%clk
0:11:07]} 15. Nxd5 {[%clk 0:13:06]} Qd7 {[%clk 0:11:06]} 16. e4 {[%clk 0:12:59]}
Bd6 {[%clk 0:09:38]} 17. Qh5 {[%clk 0:12:30]} Be5 {[%clk 0:09:20]} 18. a4 {[%clk
0:11:32]} Bd4+ {[%clk 0:09:00]} 19. Kg2 {[%clk 0:11:31]} Rae8 {[%clk 0:08:41]}
20. Rf3 {[%clk 0:11:27]} Ne5 {[%clk 0:08:00]} 21. Nxe5 {[%clk 0:11:09]} Rxe5
{[%clk 0:08:01]} 22. Qh3 {[%clk 0:10:58]} Qxh3+ {[%clk 0:06:14]} 23. Kxh3 {[%clk
0:11:01]} f5 {[%clk 0:05:20]} 24. Raf1 {[%clk 0:10:19]} g6 {[%clk 0:04:52]} 25.
b3 {[%clk 0:10:18]} Rd8 {[%clk 0:04:34]} 26. g4 {[%clk 0:10:03]} fxe4 {[%clk
0:02:52]} 27. Nf6+ {[%clk 0:10:05]} Kg7 {[%clk 0:02:45]} 28. Nxe4 {[%clk
0:10:06]} Re7 {[%clk 0:02:16]} 29. g5 {[%clk 0:09:32]} b6 {[%clk 0:02:17]} 30.
Kg4 {[%clk 0:09:34]} Be5 {[%clk 0:02:00]} 31. h4 {[%clk 0:09:16]} Rd4 {[%clk
0:01:55]} 32. h5 {[%clk 0:09:17]} gxh5+ {[%clk 0:01:40]} 33. Kxh5 {[%clk
0:09:19]} Rb4 {[%clk 0:01:38]} 34. Nf2 {[%clk 0:08:57]} Rxb3 {[%clk 0:00:57]} 35.
Ng4 {[%clk 0:09:00]} Rb2 {[%clk 0:01:00]} 36. Rf8 {[%clk 0:02:25]} Re2 {[%clk
0:00:39]} 37. Ra8 {[%clk 0:02:14]} Bd4 {[%clk 0:00:31]} 38. Nh6 {[%clk 0:02:04]}
Rh2+ {[%clk 0:00:33]} 39. Kg4 {[%clk 0:02:07]} Rd7 {[%clk 0:00:18]} 40. Rg8#
{[%clk 0:02:04]} 1-0

[Event "Campeonato de España Rapid 2017"]
[Site "Linares"]
[Date "2017.08.13"]
[Round "7"]
[White "Torrado Quintela, Julio"]
[Black "Korneev, Oleg"]
[Result "0-1"]
[Board "16"]
[WhiteElo "2240"]
[WhiteCountry "ESP"]
[WhiteFideId "2218496"]
[WhiteEloChange "-3"]
[BlackTitle "GM"]
[BlackElo "2577"]
[BlackCountry "ESP"]
[BlackFideId "4156803"]
[BlackEloChange "1"]

1. e4 {[%clk 0:15:08]} c5 {[%clk 0:15:09]} 2. Nf3 {[%clk 0:15:08]} e6 {[%clk
0:15:09]} 3. d4 {[%clk 0:15:07]} cxd4 {[%clk 0:15:18]} 4. Nxd4 {[%clk 0:15:07]}
Nc6 {[%clk 0:15:18]} 5. Nc3 {[%clk 0:15:06]} Qc7 {[%clk 0:15:27]} 6. Nxc6 {[%clk
0:15:05]} bxc6 {[%clk 0:15:31]} 7. Bd3 {[%clk 0:15:07]} d5 {[%clk 0:15:35]} 8.
O-O {[%clk 0:15:08]} Nf6 {[%clk 0:15:39]} 9. Bg5 {[%clk 0:14:52]} Be7 {[%clk
0:15:25]} 10. Re1 {[%clk 0:14:31]} h6 {[%clk 0:15:04]} 11. Bd2 {[%clk 0:13:24]}
a5 {[%clk 0:09:30]} 12. Qf3 {[%clk 0:12:33]} Ba6 {[%clk 0:09:11]} 13. exd5 {[%clk
0:12:20]} Bxd3 {[%clk 0:06:58]} 14. Qxd3 {[%clk 0:12:21]} cxd5 {[%clk 0:06:50]}
15. Nb5 {[%clk 0:10:57]} Qd7 {[%clk 0:05:46]} 16. a4 {[%clk 0:10:20]} O-O {[%clk
0:05:47]} 17. Bc3 {[%clk 0:10:24]} Rfc8 {[%clk 0:04:53]} 18. Rad1 {[%clk
0:09:10]} Qe8 {[%clk 0:02:55]} 19. Qg3 {[%clk 0:08:46]} Qf8 {[%clk 0:02:57]} 20.
f3 {[%clk 0:06:25]} Ne8 {[%clk 0:02:47]} 21. Kh1 {[%clk 0:06:22]} Nd6 {[%clk
0:02:24]} 22. Nd4 {[%clk 0:04:26]} Bf6 {[%clk 0:02:10]} 23. Nxe6 {[%clk 0:03:23]}
fxe6 {[%clk 0:02:11]} 24. Bxf6 {[%clk 0:03:26]} Nf5 {[%clk 0:02:16]} 25. Qe5
{[%clk 0:03:10]} Qxf6 {[%clk 0:02:19]} 26. Qxf6 {[%clk 0:03:13]} gxf6 {[%clk
0:02:22]} 27. Rxe6 {[%clk 0:03:16]} Kf7 {[%clk 0:02:20]} 28. Re2 {[%clk 0:03:13]}
Re8 {[%clk 0:01:50]} 29. Rxe8 {[%clk 0:03:11]} Rxe8 {[%clk 0:01:54]} 30. g4
{[%clk 0:03:15]} Ne3 {[%clk 0:01:47]} 31. Rd2 {[%clk 0:03:09]} f5 {[%clk
0:01:48]} 32. h3 {[%clk 0:03:02]} Kf6 {[%clk 0:01:44]} 33. c3 {[%clk 0:03:02]} f4
{[%clk 0:01:39]} 34. h4 {[%clk 0:02:56]} Rc8 {[%clk 0:01:27]} 35. Rd3 {[%clk
0:02:32]} Rc4 {[%clk 0:01:29]} 36. b3 {[%clk 0:02:36]} Rc6 {[%clk 0:01:28]} 37.
b4 {[%clk 0:02:39]} Rc4 {[%clk 0:01:04]} 38. bxa5 {[%clk 0:02:37]} Rxa4 {[%clk
0:01:06]} 39. Rd4 {[%clk 0:02:42]} Ra1+ {[%clk 0:01:00]} 40. Kh2 {[%clk 0:02:45]}
Ke5 {[%clk 0:01:02]} 41. Rb4 {[%clk 0:02:37]} Rxa5 {[%clk 0:00:59]} 42. Rb6
{[%clk 0:02:41]} Ra2+ {[%clk 0:01:01]} 43. Kh1 {[%clk 0:02:42]} Rf2 {[%clk
0:00:57]} 44. Rxh6 {[%clk 0:02:38]} Rxf3 {[%clk 0:00:59]} 45. g5 {[%clk 0:02:42]}
Rf2 {[%clk 0:00:14]} 46. Rf6 {[%clk 0:02:16]} Nf5 {[%clk 0:00:11]} 47. Rf8 {[%clk
0:02:09]} f3 {[%clk 0:00:14]} 48. g6 {[%clk 0:02:13]} Ng3+ {[%clk 0:00:16]} 0-1

[Event "Campeonato de España Rapid 2017"]
[Site "Linares"]
[Date "2017.08.13"]
[Round "7"]
[White "Del Rio De Angelis, Salvador G."]
[Black "Saez, Frederic"]
[Result "1-0"]
[Board "17"]
[WhiteTitle "GM"]
[WhiteElo "2542"]
[WhiteCountry "ESP"]
[WhiteFideId "2203138"]
[WhiteEloChange "1"]
[BlackTitle "FM"]
[BlackElo "2233"]
[BlackCountry "FRA"]
[BlackFideId "614076"]
[BlackEloChange "-3"]

1. d4 {[%clk 0:15:05]} Nf6 {[%clk 0:15:05]} 2. c4 {[%clk 0:15:05]} d6 {[%clk
0:15:05]} 3. Nf3 {[%clk 0:15:05]} c6 {[%clk 0:15:05]} 4. Nc3 {[%clk 0:15:05]} Bf5
{[%clk 0:15:05]} 5. Nh4 {[%clk 0:15:05]} Bd7 {[%clk 0:14:39]} 6. e4 {[%clk
0:15:05]} e5 {[%clk 0:14:39]} 7. Nf3 {[%clk 0:15:05]} Qc7 {[%clk 0:14:15]} 8. Be2
{[%clk 0:14:59]} Bg4 {[%clk 0:13:50]} 9. O-O {[%clk 0:14:59]} Nbd7 {[%clk
0:13:50]} 10. Be3 {[%clk 0:14:44]} Be7 {[%clk 0:13:34]} 11. d5 {[%clk 0:14:44]}
O-O {[%clk 0:13:06]} 12. h3 {[%clk 0:13:51]} Bxf3 {[%clk 0:12:41]} 13. Bxf3
{[%clk 0:13:51]} a6 {[%clk 0:12:41]} 14. Be2 {[%clk 0:12:56]} h6 {[%clk 0:12:06]}
15. Qd2 {[%clk 0:12:31]} Nh7 {[%clk 0:11:31]} 16. g3 {[%clk 0:11:56]} c5 {[%clk
0:10:56]} 17. h4 {[%clk 0:11:01]} Rae8 {[%clk 0:10:51]} 18. Rab1 {[%clk 0:11:01]}
b6 {[%clk 0:08:46]} 19. Kg2 {[%clk 0:10:06]} Bf6 {[%clk 0:08:31]} 20. b4 {[%clk
0:10:01]} g5 {[%clk 0:08:06]} 21. Bg4 {[%clk 0:09:36]} cxb4 {[%clk 0:06:10]} 22.
Rxb4 {[%clk 0:09:36]} Nc5 {[%clk 0:06:10]} 23. Bf5 {[%clk 0:09:21]} Kg7 {[%clk
0:03:04]} 24. Rh1 {[%clk 0:09:21]} Rh8 {[%clk 0:02:59]} 25. Rbb1 {[%clk 0:08:56]}
Reg8 {[%clk 0:02:03]} 26. Rh2 {[%clk 0:08:51]} Kf8 {[%clk 0:00:58]} 27. h5 {[%clk
0:06:53]} Kg7 {[%clk 0:00:53]} 28. Rhh1 {[%clk 0:05:58]} Rb8 {[%clk 0:00:53]} 29.
Qe2 {[%clk 0:05:43]} Rhe8 {[%clk 0:00:48]} 30. Rhc1 {[%clk 0:05:38]} Nf8 {[%clk
0:00:43]} 31. Bd2 {[%clk 0:05:38]} Nfd7 {[%clk 0:00:13]} 32. Nd1 {[%clk 0:05:38]}
Bd8 {[%clk 0:00:00]} 33. Bxd7 {[%clk 0:05:23]} Qxd7 {[%clk 0:00:00]} 34. g4
{[%clk 0:04:28]} f5 35. gxf5 {[%clk 0:04:23]} Bf6 36. Bb4 {[%clk 0:03:48]} Rec8
37. Ba3 {[%clk 0:02:38]} Qa4 38. Rc3 {[%clk 0:02:33]} b5 39. Rb4 {[%clk 0:01:15]}
Qa5 40. f3 {[%clk 0:00:51]} bxc4 41. Rxb8 {[%clk 0:00:45]} Rxb8 42. Qxc4 {[%clk
0:00:20]} Rb1 43. Nf2 {[%clk 0:00:05]} Rb5 44. Bc1 Rb4 45. Qe2 Rb1 46. Rc2 Qa4
47. Be3 Rb5 48. Bxc5 dxc5 49. d6 Rb4 50. Rxc5 Rd4 51. Rc7+ Kg8 52. d7 Rxd7 53.
Rxd7 Qxd7 54. Qxa6 Kg7 55. Ng4 Qd2+ 56. Kh3 Bd8 57. Qg6+ Kf8 58. Qxh6+ Ke8 59.
Qe6+ Kf8 60. Qd5 Qf4 61. Qxd8+ Kf7 62. Qd7+ 1-0